Solve the Secret Locations #3 - Statistics

General Stats
  • This quiz has been taken 2,976 times
  • The average score is 21 of 28
Answer Stats
Capital Country % Correct
Japan Russia
100%
A Sweden Italy
99%
E Rome Tokyo
99%
I Addis Ababa Dublin
97%
O Ireland Greece
97%
Athens Stockholm
97%
Chile Ethiopia
89%
N Vientiane Santiago
87%
L Taiwan Laos
80%
A Estonia Denmark
79%
Montevideo Taipei
79%
Lebanon Uruguay
79%
L Copenhagen Beirut
78%
Nicosia Tallinn
77%
A Saudi Arabia Cyprus
76%
Namibia Bulgaria
75%
A Sofia Riyadh
75%
P Honduras Suriname
69%
Paramaribo Windhoek
69%
S Manama Tegucigalpa
63%
St. Lucia Bahrain
62%
M Yaren Castries
56%
Podgorica Canberra
55%
Uzbekistan Montenegro
55%
M Australia Nauru
54%
B Tashkent
50%
Y BELMOPAN
43%
MALAYSIA
42%
No matching quizzes found
Score Distribution
Percent of People with Each Score
Percentile by Number Answered
Your Score History
You have not taken this quiz